• 首页
  • 本馆介绍
  • 公告通知
  • 最新文献
  • 馆藏检索
  • 电子资源
  • 读者导购
  • 参考咨询
  • 我的图书馆
  • 登录
  • 详细信息显示
  • 放入我的书架
  • 预约/预借图书
  • 作者相关作品
  • 分类相关作品
  • 丛书相关作品
  • 出版社相关作品

书目信息

  • 表格格式
  • 工作单格式
  • 卡片格式
题名:
传感器与自动检测技术
    
 
作者: 吴旗 主编
分册:  
出版信息: 北京   高等教育出版社  2006
页数: 205页
开本: 26cm
丛书名:
单 册:
中图分类: TP212 , TP274
科图分类:
主题词: 传感器--高等教育--教材 , 自动检测--高等教育--教材
电子资源:
ISBN: 7-04-019594-1
000 00915nam0 2200277 450-
001 0101319143
005 20061127173428.0
010    @a7-04-019594-1@dCNY19.00
011    @a7-04-019594-1
100    @a20060104d2006 em y0chiy0120 ea
101 0  @achi
102    @aCN@b110000
105    @aa z 000yy
106    @ar
200 1  @a传感器与自动检测技术@9Chuan;Zhuan Gan Qi Yu Zi Dong Jian Ce Ji Shu;Zhu @f吴旗主编@b专著
210    @a北京@c高等教育出版社@d2006
215    @a205页@c图@d26cm
300    @a新世纪高等职业教育机电类课程教材
330    @a本书共9章,内容包括:基本概念、参量传感器、发电传感器、光电传感器、数字传感器、检测仪表概述及自动检测技术的综合应用等。
606 0  @a传感器@x高等教育@j教材
606 0  @a自动检测@x高等教育@j教材
690    @aTP212@v4
690    @aTP274@v4
701  0 @a吴旗@f(1959~)@4主编@9wu qi
801  0 @aCN@bAZmarc@c20230901
905    @aBZT@dTP212@e34@f14@sTP212/34
    
    传感器与自动检测技术/吴旗主编.-北京:高等教育出版社,2006
    205页:图;26cm
    新世纪高等职业教育机电类课程教材
    
    ISBN 7-04-019594-1:CNY19.00
    本书共9章,内容包括:基本概念、参量传感器、发电传感器、光电传感器、数字传感器、检测仪表概述及自动检测技术的综合应用等。
●
相关链接 在五车中查询图书 在当当中查询图书 在豆瓣中查询图书


正题名:传感器与自动检测技术     索取号:TP212/34         预约/预借

序号 登录号 条形码 馆藏地/架位号 状态 备注
1 2000007332   2000007332   旧书回溯/ [索取号:TP212/34] 在馆    
2 2000007333   2000007333   旧书回溯/ [索取号:TP212/34] 在馆    
3 2000007334   2000007334   旧书回溯/ [索取号:TP212/34] 在馆    
4 2000007335   2000007335   旧书回溯/ [索取号:TP212/34] 在馆    
5 2000015790   2000015790   旧书回溯/ [索取号:TP212/34] 在馆    
6 2000015791   2000015791   旧书回溯/ [索取号:TP212/34] 在馆    
7 2000015799   2000015799   旧书回溯/ [索取号:TP212/34] 在馆    
8 2000054912   2000054912   旧书回溯/ [索取号:TP212/34] 在馆    
9 2000063350   2000063350   旧书回溯/ [索取号:TP212/34] 在馆    
10 2000063351   2000063351   旧书回溯/ [索取号:TP212/34] 在馆    
11 2000063352   2000063352   旧书回溯/ [索取号:TP212/34] 在馆    
12 2000063353   2000063353   旧书回溯/ [索取号:TP212/34] 在馆    
13 2000063360   2000063360   旧书回溯/ [索取号:TP212/34] 在馆    
14 2000063361   2000063361   旧书回溯/ [索取号:TP212/34] 在馆    
山东省滨州职业学院图书馆 欢迎您!
大连网信软件有限公司© 版权所有